Atlas encarta 2001 : disco 1 /
Guardado en:
| Formato: | Libro |
|---|---|
| Publicado: |
: Microsoft,
2000
|
| Materias: | |
| Etiquetas: |
Agregar Etiqueta
Sin Etiquetas, Sea el primero en etiquetar este registro!
|
| LEADER | 00479nam a22001695a 4500 | ||
|---|---|---|---|
| 001 | CEM.cems010710 | ||
| 005 | 20060214000000.0 | ||
| 008 | 130507s2000##################000#0#####d | ||
| 003 | CEMS | ||
| 082 | 0 | 4 | |a CD910 |
| 245 | 0 | 0 | |a Atlas encarta 2001 : |b disco 1 / |
| 260 | |a : Microsoft, |c 2000 | ||
| 653 | |a Cd-roms-software | ||
| 653 | |a Enciclopedias | ||
| 653 | |a Enciclopedias electronicas | ||
| 653 | |a Atlas electronicos | ||
| 859 | |a CEMS |b BIB. CEMS - 11 de abril |h CD910 |i M581-1/2001 |p 1801.44 |t Ej.1 | ||
